| 000 | 00467nam a2200157 4500 | ||
|---|---|---|---|
| 001 | 112695 | ||
| 003 | ES-MaACL | ||
| 005 | 20230906185609.0 | ||
| 007 | t| | ||
| 008 | 061121s1908 fr r ||||1| fre d | ||
| 100 | 1 |
_aNovicow, Jacques ( _d1849-1912) _986078 |
|
| 245 | 1 | 3 |
_aLe problème de la misère et les phénomènes économiques naturels / _cpar J. Novicow. |
| 260 |
_aParis : _bFélix Alcan, _c1908. |
||
| 300 |
_a412 p. ; _c23 cm. |
||
| 852 |
_aES-MaACL _jA-2812 |
||
| 999 |
_c112695 _d112695 |
||